000 00689nam a2200217 a 4500
001 46831
003 BD-RjUL
005 20211209054219.0
008 160804s1960 caua 000 0 eng
035 _a(BD-RjUL)46950
035 _a(OCoLC)414702
040 _aDLC
_cGACCLC
_dOCoLC
_dMnDuStS
_dDLC
_dBD-RjUL
_beng
041 _aeng
082 0 _a796.407
_223
_bNES 1960
100 1 _aNeilson, Neils Peter,
_d1895-
_9142672
245 1 0 _aStatistics, tests, and measurements in physical education :
_b[an elementary course] /
260 _aPalo Alto, Calif., :
_bNational Texts,
_c1960
300 _a68 p. :
_billus. ;
_c22 cm.
650 0 _aPhysical fitness
_xTesting.
_9142673
942 _2ddc
_cBK
999 _c46831
_d46831